Normal view
MARC view
Entry Personal Name
001 - CONTROL NUMBER
- control field: 9654
003 - CONTROL NUMBER IDENTIFIER
- control field: ARRUPE
005 - DATE AND TIME OF LATEST TRANSACTION
- control field: 20140402111705.0
008 - FIXED-LENGTH DATA ELEMENTS
- fixed length control field: 140402|| aca||aabn | a|a d
040 ## - CATALOGING SOURCE
- Original cataloging agency: ARRUPE
- Transcribing agency: ARRUPE
100 ## - HEADING--PERSONAL NAME
- Personal name: Livingstone, David,
- Dates associated with a name: 1813-1873.
670 ## - SOURCE DATA FOUND
- Source citation: Work cat.: (ARRUPE)0: Northcott, Cecil, 1902- 9653, David Livingstone--his triumph, decline and fall,, 1973.